[Event "Doeberl Cup Minor 41st"]
[Site "Canberra"]
[Date "2003.04.18"]
[Round "2.1"]
[White "Losh, Gary"]
[Black "Carballo, Rick"]
[Result "0-1"]
[WhiteElo "1363"]
[BlackElo "1598"]
[PlyCount "138"]
[EventDate "2003.04.18"]
[EventType "swiss"]
[EventRounds "7"]
[EventCountry "AUS"]
[SourceTitle "EXT 2006"]
[Source "ChessBase"]
[SourceDate "2005.11.24"]
[SourceVersion "1"]
[SourceVersionDate "2005.11.24"]
[SourceQuality "1"]

1. Nf3 Nf6 2. d4 g6 3. c4 Bg7 4. Nc3 d5 5. Bf4 a6 6. e3 0-0 7. Rc1 c6 8. h3 e6 9. Bd3 Qe7 10. 0-0 Nbd7 11. c5 Ne8 12. Bg5 f6 13. Bh4 e5 14. Bc2 e4 15. Nd2 g5 16. Bg3 f5 17. Qe1 f4 18. Bh2 Bh6 19. Bd1 Ndf6 20. Be2 Qg7 21. Kh1 Kh8 22. Rg1 Rg8 23. Bf1 g4 24. exf4 Nh5 25. Qe3 g3 26. fxg3 Nxg3+ 27. Qxg3 Qxd4 28. Qe1 Qf6 29. g3 Nc7 30. Bg2 Nb5 31. Nxb5 axb5 32. Rc2 Rxa2 33. Qb1 Ra7 34. Re1 Bd7 35. Qd1 Ra2 36. Nxe4 Qg7 37. Nd6 Rxb2 38. Rxb2 Qxb2 39. Re7 Ra8 40. Re1 Ra2 41. Rg1 Bxh3 42. Qf1 Kg8 43. Nxb7 Bg7 44. Bxd5+ cxd5 45. Qxh3 Bd4 46. Qg2 Qb3 47. Qh3 Qf3+ 48. Rg2 Ra1+ 49. Bg1 Rxg1+ 50. Kh2 Qxg2+ 51. Qxg2 Rxg2+ 52. Kxg2 b4 53. c6 Bb6 54. c7 Bxc7 55. Nc5 Bb6 56. Nb3 Kf7 57. Kf3 h5 58. Kg2 Ke6 59. Kh3 Kf5 60. Kh4 Bf2 61. Nd2 Be1 62. Nb3 Bf2 63. Nd2 Be3 64. Nb3 Bxf4 65. gxf4 Kxf4 66. Kxh5 Ke3 67. Na1 Kd3 68. Kg4 Kc3 69. Kf3 Kb2 0-1